000 00617nam a2200217Ia 4500
008 191130s2004##################000#0#eng##
020 _a9780745320564
022 _a2004276476
040 _aACL
_cACL
082 _a320.54095694 ROS
100 _aRose, John
245 _aThe myths of Zionism
_cJohn Rose
260 _aLondon
_bPluto Press
_c2004
300 _aix, 232 p. ; 22 cm
500 _aIncludes bibliographical references (p. 216-221) and index
650 _aArab-Israeli conflict
650 _aZionism - History
990 _a16b827b0ac10000c41938af6e0ce20f7
991 _a271155
999 _c60151
_d60151